| 000 | 00658nam a2200205 u 4500 | ||
|---|---|---|---|
| 005 | 20210219160804.0 | ||
| 008 | 090928s2006 ag r 000 0 spa d | ||
| 020 | _a9870006477 (10 dígitos) | ||
| 020 | _a9789870006473 (13 dígitos) | ||
| 035 | _aUPN01000172658 | ||
| 049 | _aCG | ||
| 050 | 4 |
_aND623 L5 _bL6.2 2006 |
|
| 100 | 1 | _aLópez Rosetti, Daniel | |
| 245 | 1 | 3 |
_aEl cerebro de Leonardo : _buna oportunidad para acercarnos a Leonardo da Vinci y a nosotros mismos / _cDaniel López Rosetti. |
| 250 | _a2a ed. | ||
| 260 |
_aBuenos Aires : _bLumen, _c2006. |
||
| 300 |
_a189 p. : _bil. |
||
| 600 | 0 | 4 |
_aLEONARDO, _cDA VINCI, _d1452-1519 |
| 905 | _aLibro | ||
| 999 |
_c144762 _d144762 |
||